| 000 | 00653nam a22002057a 4500 | ||
|---|---|---|---|
| 008 | 260424b |||||||| |||| 00| 0 eng d | ||
| 020 | _a9780199688753 | ||
| 040 |
_aCUZ _beng _cCUZ _drda _eCUZ |
||
| 050 | _aKD1715M67MOR | ||
| 100 | _aSimon Morris | ||
| 245 |
_aFinancial services regulation in practice _cby Simon Morris |
||
| 264 |
_aNew York _bOxford University press _c@ 2016 |
||
| 300 | _aextent Ivi ,551pages | ||
| 336 |
_atext _btxt |
||
| 337 |
_aunmediated _bn |
||
| 338 | _2rdacarrier | ||
| 500 | _aincludes index | ||
| 650 |
_aLiturgy and ritual _a Social sciences _aLaw |
||
| 942 |
_cOS _i1715.M67 _kKD |
||
| 999 |
_c45594 _d45594 |
||